Tous les personnages de Mass Effect (commandos) - Statistiques

Statistiques générales
  • Ce quiz a été pris 189 fois
  • Le résultat moyen est 10 sur 19
Statistiques - réponses
Jeux Réponses % Correct
Mass Effect 1/2/3 Liara T'soni
84%
Mass Effect 1/2/3 Urdnot Wrex
79%
Mass Effect 1/2/3 Garrus Vakarian
70%
Mass Effect 1/2/3 Ashley Williams
67%
Mass Effect 1/2/3 Kaidan Alenko
65%
Mass Effect 2/3 Miranda Lawson
64%
Mass Effect 2/3 Urdnot Grunt
64%
Mass Effect 2/3 Jack
58%
Mass Effect 1/2/3 Tali'Zorah
55%
Mass Effect 2/3 Jacob Taylor
49%
Mass Effect 2/3 Samara
47%
Mass Effect 2/3 Legion
46%
Mass Effect 2/3 Mordin Solus
46%
Mass Effect 3 IDA
39%
Mass Effect 3 James Vega
35%
Mass Effect 2/3 Thane Krios
33%
Mass Effect 2 Zaeed Massani
31%
Mass Effect 2 Kasumi Goto
30%
Mass Effect 3 Javik
28%
Aucun quiz correspondant
Distribution des résultats
% des personnes avec chaque résultat
Percentile par nombre de réponses
Votre historique - résultats
Vous n’avez pas pris ce quiz